000 00782cab a2200253 4500
001 WB3505-27
008 090401t1999 xxu||||| |||| 00| 0 eng d
035 _a(Sirsi) u91042
041 _aeng
245 _aBackpacker hotel chain
260 _c1999
350 _a0
490 _aBuilding
_v263(8072) 29 January 1999, 11(1)
520 _aAn Australian developer is planning to set up a chain of cheap hotels aimed at backpackers. The first - a £10m conversion of Twyford Abbey in west London is easily accessible from Heathrow.
650 _aBACKPACKER HOTELS
650 _aBACKPACKERS
650 _aBUDGET HOTELS
650 _aCHEAP HOTELS
650 _aHOTEL MARKET
650 _aLONDON
690 _aLEISURE AND RECREATION
942 _n0
948 _c02/02/1999
999 _c57766
_d57766